| 000 | 00586nam a2200193 a 4500 | ||
|---|---|---|---|
| 005 | 20210219151918.0 | ||
| 008 | 991125s1988 mx 000 0 spa u | ||
| 020 | _a9684961375 | ||
| 035 | _aUPN01000043759 | ||
| 049 | _aCG | ||
| 050 | 4 |
_aJL1299 CH2 _bS6.6 |
|
| 100 | 1 | _aSpenser, Daniela | |
| 245 | 1 | 3 |
_aEl partido socialista chiapaneco : _brescate y reconstrucción de su historia / _cDaniela Spenser. |
| 260 |
_aMéxico : _bCIESAS, _c1988. |
||
| 300 |
_a191 p. : _b1 mapa. |
||
| 440 | 0 |
_aEdiciones de La Casa Chata ; _v29 |
|
| 610 | 2 | 4 | _aPARTIDO SOCIALISTA CHIAPANECO |
| 905 | _aLibro | ||
| 999 |
_c43759 _d43759 |
||